000
00191nam a2200085Ia 4500
008
200302s9999 xx 000 0 und d
100
_a
Author
245
_a
Architectural Housing
260
_b
Publisher
999
_c
627
_d
627